000 01064cad a22002295a 4500
001 L142502
008 071127e20080214xxkad f s 000 0 eng d
035 _a(Sirsi) u142502
041 0 _aeng
050 0 4 _a333.33 $2 18
110 2 _aRoyal Institution of Chartered Surveyors
_bEconomics
_95033
245 0 0 _aRICS global real estate weekly
_bFebruary 14th 2008
_h[electronic resource]
260 _aLondon
_bRICS
_c2008
490 0 _aRICS Global Real Estate Weekly
_v14 February 2008
520 _aReports on the risk of US housing starts slipping below the one million mark in the January data; the outlook for Japanese interest rates in the wake of strong Q4 GDP data; the February Rightmove survey on the UK housing market; Eurozone construction.
590 _aKA
650 2 4 _aRICS GLOBAL REAL ESTATE WEEKLY
651 4 _aInternational
690 _aPROPERTY-COMMERCIAL PROPERTY-COMMERCIAL PROPERTY MARKET
856 4 0 _uhttps://www.rics.org/site/scripts/download_info.aspx?downloadID=1108
_zView this item free of charge at www.rics.org...
942 _n0
999 _c107904
_d107904